LEADER 00000ntm a22000007u 4500
001 zp33721
041 |a cze 
100 1 |a Sedlmaierová, Alena  |4 dis 
245 1 0 |a Projekt redesignu etikety piva Zubr 
246 |a Project of Zubr Beer Label Redesign 
260 |c 2015 
300 |a 109 s. (148 769 znaků) 
500 |a Studijní obor: Management a marketing 
500 |a Studijní obor: Management and Marketing 
500 |a Ústav: Ústav managementu a marketingu 
500 |a Univerzita Tomáše Bati ve Zlíně. Fakulta managementu a ekonomiky 
500 |a Tomas Bata University in Zlín. Faculty of Management and Economics 
506 |a Bez omezení 
653 |a Pivovarnictví 
653 |a analýza designu etikety 
653 |a analýza spotřebitele 
653 |a analýza konkurence 
653 |a marketingový výzkum 
653 |a projekt redesignu etikety 
653 |a nákladová analýza 
653 |a časová analýza 
653 |a analýza rizik 
653 |a analýza přínosů 
653 |a Brewing 
653 |a analysis of design labels 
653 |a consumer analysis 
653 |a competition analysis 
653 |a market research 
653 |a project redesign labels 
653 |a cost analysis 
653 |a time analysis 
653 |a risk-benefit analysis 
655 4 |a diplomová práce 
700 1 |a Kozák, Vratislav  |4 ths 
710 2 |a Univerzita Tomáše Bati ve Zlíně. Fakulta managementu a ekonomiky  |4 dgg 
710 2 |a Tomas Bata University in Zlín. Faculty of Management and Economics  |4 dgg 
856 4 0 |u http://hdl.handle.net/10563/31122  |y Plný text v Digitální knihovně UTB